000 01981cam a22004814i 4500
003 PE-LiUPU
005 20250731165545.0
008 150625s r 000 0 d
035 _a(Sirsi) a33891
035 _a(Sirsi) a33891
040 _aPE-LiUPU
_bspa
_cPE-LiUPU
_erda
082 0 4 _a221.7
_bWBUL
_221
100 1 _aCraigie, Peter C.,
_eautor.
245 1 0 _aJeremiah 1-25.
_n26 /
_cPeter C. Craigie.
264 1 _aDallas, Texas :
_bWord Books,
_c1991.
300 _a388 páginas ;
_c24 cm.
336 _atext
_2rdacontent
337 _aunmediated
_2rdamedia
338 _avolume
_2rdacarrier
505 0 _aPreface to the book of Jeremiah. -Call and commission. -An account of two visions. -Jeremiah's early oracles. -The temple sermon. -Miscellaneous sayings concerning National evil and its concequences. -Why Judgment?. -Judgment and ostracism. -Sin and its con sequenses . -Oracles. -Oracles against zedekiah and jerusalem. -Oracles against the kings of Judah. -Oracle concerning prophets and prophecy. -A vision and judgment oracles.
526 _aSEG44
526 _aSEG26
526 _aP151
526 _aP150
526 _aP149
526 _aP146
526 _aP145
526 _aP126
526 _aP125
526 _aP92
526 _aP75
526 _aP74
526 _aP27
526 _aP15
630 _aBiblia.
_pA.T.
_pJeremías
_xComentarios.
910 _a
942 _2ddc
_cBOOK
949 _aRC 221.7 WBC 26
_wDEWEY
_c1
_i37748
_lRC
_mBUL
_r0
_sY
_tBOOK
_u2015-6-25
_xBIBLIOTECA
_zUNKNOWN
_0COMPRA
_o.CIRCNOTE. No olvidar cambiar la fecha de devolución!!!!!!!
_o.STAFF. Colección General
994 _aC0
_bPEPRU
596 _a1
999 _aRC 221.7 WBC 26
_wDEWEY
_c41688
_i37748
_d41688
_e2017-5-22
_f2021-11-8
_g6
_lCCODEBUL1
_mBUL
_n1
_q12
_r1
_sY
_tBOOK
_u2015-6-25
_xTEOLOGIA
_zUNKNOWN
_0COMPRA
_o.CIRCNOTE. No olvidar cambiar la fecha de devolución!!!!!!!
_o.STAFF. Colección General
980 _81
_gALBERTO SANCHEZ Responsable de Automatización